Tunnista Henkilö - HELPPO - Statistics

Yleistilastot
  • Tätä visaa on pelattu 183 kertaa
  • Keskiarvotulos 9 / 16
Vastaustilastot
Kuvavisa Vastaus % Oikein
Albert Einstein
95%
Joseph Stalin
88%
John F Kennedy
80%
Neil Armstrong
79%
Martin Luther
76%
Martin luther King Jr
68%
Stephen Hawking
67%
Tom Cruise
67%
John Lennon
60%
Jean Sibelius
58%
Agricola
56%
Winston Churchill
54%
Marie Curie
34%
Charles Darwin
30%
Steven Spielberg
17%
Gabe Newell
6%
Ehtoja vastaavia visoja ei löytynyt
Tulosjakauma
Jokaisen tuloksen saaneiden osuus
Persentiili vastausten määrän mukaan
Tuloshistoriasi
Et ole pelannut tätä visaa